Tous les cantons des Alpes de Haute-Provence sur une carte - Statistiques

Statistiques générales
  • Ce quiz a été pris 150 fois
  • Le résultat moyen est 11 sur 15
Réponses sur la Carte
Les réponses sont colorées sur une échelle allant du rouge au vert en fonction du pourcentage des utilisateurs qui les ont devinées à leur premier essai. Vous pouvez retrouver ces pourcentages ci-dessous.
 
Statistiques - réponses
Canton % Correct
Digne-les-Bains-1
99%
Digne-les-Bains-2
99%
Forcalquier
96%
Barcelonnette
92%
Manosque-1
88%
Manosque-2
88%
Manosque-3
88%
Castellane
82%
Sisteron
78%
Oraison
54%
Château-Arnoux-Saint-Auban
49%
Valensole
47%
Riez
42%
Seyne
41%
Reillanne
36%
Aucun quiz correspondant
Distribution des résultats
% des personnes avec chaque résultat
Percentile par nombre de réponses
Votre historique - résultats
Vous n’avez pas pris ce quiz